Algoritmo de distribución de potencia para una casa DC mediante un sistema multi-agente
Guardat en:
| Autor principal: | |
|---|---|
| Altres autors: | |
| Format: | Llibre |
| Idioma: | Spanish |
| Publicat: |
[San José], Costa Rica
2015
|
| Matèries: | |
| Etiquetes: |
Afegir etiqueta
Sense etiquetes, Sigues el primer a etiquetar aquest registre!
|
MARC
| LEADER | 00000nam a22000007a 4500 | ||
|---|---|---|---|
| 003 | 012444 | ||
| 005 | 20230907144456.0 | ||
| 008 | 160810b2015 cr a|||| |||| 00| ||spa d | ||
| 040 | |c cru CEDI | ||
| 090 | |a TFG 7602 | ||
| 100 | |9 1437 |a Alvarado Saborío, Daniel , 1990- | ||
| 245 | |a Algoritmo de distribución de potencia para una casa DC mediante un sistema multi-agente | ||
| 260 | |a [San José], Costa Rica |c 2015 | ||
| 300 | |a xi, 60 hojas, ilustraciones a color | ||
| 500 | |a Proyecto de graduación (bachillerato en ingeniería eléctrica)--Universidad de Costa Rica. Facultad de Ingeniería. Escuela de Ingeniería Eléctrica | ||
| 501 | |a Profesor Guía de IE-0499 Proyecto Eléctrico: Juan Manuel Arteaga Sáenz, M.Sc | ||
| 650 | |x CONTROL AUTOMATICO |x MATLAB (PROGRAMAS PARA COMPUTADORA) |x SIMULACION POR COMPUTADORA |x DISEÑO DE SISTEMAS |x DISTRIBUCION DE ENERGIA ELECTRICA |9 5280 | ||
| 700 | |9 1198 |a Arteaga Sáenz, Juan Manuel , 1985- |d Director de Proyecto Eléctrico | ||
| 942 | |c CEDI | ||
| 999 | |c 17025 |d 17025 | ||
